A tomada de Ceuta (Registo nº 15620)
[ vista simples ]
| 000 -Etiqueta do registo | |
|---|---|
| Valores | 00382nam a22001451i 4500 |
| 090 ## - | |
| -- | 15620 |
| 100 ## - Dados gerais de processamento | |
| Dados gerais | 20170304u u u0frey50 ba |
| 101 0# - Língua de publicação | |
| -- | por |
| 200 1# - Titulo e menção de responsabilidade | |
| Primeira menção de responsabilidade | Maria Paula Vieira |
| Título próprio | A tomada de Ceuta |
| 215 ## - Descrição física | |
| Paginação / Volumes | 46, [2] p. |
| Dimensões | 21 cm |
| 300 ## - Notas gerais | |
| Texto da nota | . - Exemplar nÇ 0019427 em depósito caixa / 323 |
| 700 #1 - Autor principal (pessoa individual) | |
| Apelido | Vieira |
| Nome | Maria Paula |
| -- | 070 |
| 801 ## - Fonte de origem | |
| País | PT |
| Regras de catalogação | RPC |
| 990 ## - Elementos KOHA | |
| Tipo de documento | Livro |
| 995 ## - Localização e informação dos exemplares | |
| -- | 19 |
| Situação do levantamento | Estado | Biblioteca de origem | Biblioteca de empréstimo | Localização na Estante | Código de barras | Cota | Permissão de empréstimo | Tipo de documento |
|---|---|---|---|---|---|---|---|---|
| Completo | Biblioteca Municipal de Viana Do Alentejo Pólo Aguiar | Biblioteca Municipal de Viana Do Alentejo Pólo Aguiar | 0021014 | VIE | Disponível | Livro |